MARC

LEADER 00000nam0a2200000 4500
001 259526
005 20231101233408.0
035 |a (RuTPU)RU\TPU\book\282469 
090 |a 259526 
100 |a 20140510d1984 m y0rusy50 ca 
101 0 |a rus 
102 |a RU 
105 |a y z 000ab 
200 1 |a Любовь поэта  |e повесть  |f Г. В. Макаров  |g под ред. А. А. Иванова 
210 |a Архангельск  |c Северо-Западное книжное издательство  |d 1984 
215 |a 160 с. 
600 1 |a Батюшков  |b К. Н.  |c русский поэт  |f 1787-1855  |g Константин Николаевич  |2 stltpush  |3 (RuTPU)RU\TPU\pers\4943  |9 1049 
606 1 |a Русская литература современная  |2 stltpush  |3 (RuTPU)RU\TPU\subj\26373  |9 50316 
610 1 |a художественная литература 
610 1 |a повести 
610 1 |a русские писатели 
610 1 |a 19 век 
675 |a Р2  |v 3 
700 1 |a Макаров  |b Г. В.  |g Георгий Васильевич  |4 070 
702 1 |a Иванов  |b А. А.  |4 340 
801 1 |a RU  |b 63413507  |c 20140510 
801 2 |a RU  |b 63413507  |c 20210930  |g RCR 
942 |c BK